|
|
|
|
| LEADER |
00000naa a2200000 i 4500 |
| 001 |
publ645 |
| 005 |
20150921153412.0 |
| 008 |
150921s2015 hu o 000 zxx d |
| 040 |
|
|
|a BGE Publikációtár Repozitórium
|b hun
|
| 100 |
1 |
|
|a Gyene Pál
|
| 245 |
1 |
0 |
|a "Járadékos államok", avagy a rezsimstabilitás és a hatalomgyakorlás összefüggései a posztszovjet Közép-Ázsia államaiban
|c Gyene Pál
|h [elektronikus dokumentum]
|
| 260 |
|
|
|a Budapesti Gazdasági Főiskola
|c 2015
|
| 300 |
|
|
|a 202-216
|
| 490 |
0 |
|
|a Alkalmazott tudományok II. fóruma: Konferenciakötet
|
| 650 |
|
4 |
|a politikatudományok
|
| 695 |
|
|
|a Hatalom
|
| 695 |
|
|
|a Közép-Ázsia
|
| 856 |
4 |
0 |
|u https://publikaciotar.uni-bge.hu/id/eprint/645/1/Gyene.pdf
|z Dokumentum-elérés
|